000 00276nam a22001217a 4500
020 _a0-442-24536-9
082 _a33.7 LOF'E
100 _aLOFLNESS, ROBERT L
_976134
245 _aENERGY HANDBOOK
260 _aNEWYORK
_bVAN NOSTRAND
_c1978
300 _aVII,741P
942 _cBK
999 _c581555
_d581555